000
00287nam a2200121Ia 4500
008
241002s9999 xx 000 0 und d
082
_a
923.1 BEH
100
_a
Beha Ud Din
245
4
_a
The life of Salah Ud Din Ayyubi
260
_a
Rawalpindi:
_c
1983
600
_a
History
942
_c
UC
999
_c
18358
_d
18358